[Event "European Online CC GpF"]
[Site "Tornelo INT"]
[Date "2021.03.27"]
[Round "4.3"]
[Board "4"]
[White "Kamer, Kayra"]
[Black "Gleizer, Adar"]
[Result "1-0"]
[WhiteTitle "FM"]
[WhiteElo "2339"]
[BlackElo "1833"]
[WhiteTeam "Anatolia Red"]
[BlackTeam "Tsafrir Rehovot Chess School"]
[WhiteFideId "6367879"]
[BlackFideId "2822199"]
[EventDate "2021.03.27"]
[EventType "team"]

1. e4 e5 2. Nf3 Nc6 3. Bb5 a6 4. Ba4 Nf6 5. Bxc6 dxc6 6. d3 Bd6 7. Nbd2 Be6 8.
b3 Nd7 9. Bb2 Qf6 10. Qe2 O-O-O 11. O-O-O Qe7 12. Kb1 Ba3 13. Ba1 f6 14. h3 Nb6
15. d4 exd4 16. Nxd4 Rhe8 17. Rhe1 Qb4 18. Nxe6 Rxe6 19. Qg4 Re8 20. Nf3 Na4 21.
Re3 h5 22. Qf5 c5 23. e5 Kb8 24. Qe4 c4 25. Rd4 Nc5 26. Qd5 fxe5 27. Rxc4 Qb6
28. Bxe5 R8e7 29. Bd4 Rxe3 30. fxe3 Rd7 31. Qxd7 Nxd7 32. Bxb6 Nxb6 33. Rd4 Kc8
34. c4 Nd7 35. Kc2 Bc5 36. Rd5 Bxe3 37. Rxh5 Nf6 38. Rf5 Kd7 39. Kd3 Bc1 40. g4
Ke6 41. Nd4+ Ke7 42. Rf1 Nd7 43. Rxc1 1-0

[Event "European Online CC GpF"]
[Site "Tornelo INT"]
[Date "2021.03.27"]
[Round "4.5"]
[Board "3"]
[White "Smirin, Ilia"]
[Black "Zhigalko, Andrey"]
[Result "1-0"]
[WhiteTitle "GM"]
[BlackTitle "GM"]
[WhiteElo "2614"]
[BlackElo "2517"]
[WhiteTeam "Ashdod Chess Ogen Club"]
[BlackTeam "Svetlana"]
[WhiteFideId "2801990"]
[BlackFideId "13502247"]
[EventDate "2021.03.27"]
[EventType "team"]

1. e4 e5 2. Nf3 Nc6 3. Bb5 a6 4. Ba4 b5 5. Bb3 g6 6. c3 Bg7 7. d4 exd4 8. cxd4
Nge7 9. d5 Na5 10. Bd2 Nxb3 11. Qxb3 c5 12. Bc3 f6 13. a3 d6 14. O-O O-O 15.
Nbd2 g5 16. Qc2 Ng6 17. b4 g4 18. Ne1 cxb4 19. axb4 Ra7 20. Bd4 Rc7 21. Qb2 f5
22. Bxg7 Rxg7 23. Nc2 Nf4 24. Ra3 Bb7 25. Ne3 fxe4 26. Nxe4 Qe7 27. Ng3 Rg5 28.
Rc1 Bxd5 29. Nxd5 Rxd5 30. Rxa6 Nd3 31. Qb3 Qf7 32. Rf1 Rd4 33. Qc3 Qc4 34. Qa1
Qxb4 35. Ra8 Rf4 36. Nh5 Rf7 37. Rxf8+ Kxf8 38. Qh8+ Ke7 39. Ng7 Ne5 40. Qxh7
Qf4 41. Qh8 Qg5 42. Qe8+ Kf6 43. Ne6 Qg6 44. Nd8 Re7 45. Qf8+ Kg5 46. Qxe7+ 1-0

[Event "European Online CC GpF"]
[Site "Tornelo INT"]
[Date "2021.03.28"]
[Round "8.4"]
[Board "4"]
[White "Cramling, Dan"]
[Black "Kazakouski, Valery"]
[Result "0-1"]
[WhiteTitle "IM"]
[BlackTitle "IM"]
[WhiteElo "2292"]
[BlackElo "2476"]
[WhiteTeam "Wasa SK"]
[BlackTeam "Svetlana"]
[WhiteFideId "1700162"]
[BlackFideId "13507443"]
[EventDate "2021.03.27"]
[EventType "team"]

1. d4 Nf6 2. c4 e6 3. Nc3 Bb4 4. e3 b6 5. Ne2 Ba6 6. Ng3 Bxc3+ 7. bxc3 d5 8. Qf3
O-O 9. cxd5 exd5 10. Bxa6 Nxa6 11. O-O c5 12. a4 Re8 13. Ba3 Qd7 14. Rfb1 Rac8
15. Qe2 c4 16. Qc2 Re6 17. Re1 Rce8 18. Re2 g6 19. Rae1 Ne4 20. Nh1 f5 21. f3
Nf6 22. Nf2 Nc7 23. Nh3 Rc6 24. Nf2 Kg7 25. h3 Rce6 26. e4 fxe4 27. fxe4 Nxe4
28. Nxe4 Rxe4 29. Rxe4 dxe4 30. Rxe4 Qf5 31. Re2 Qxc2 32. Rxc2 Nd5 33. Bc1 h6
34. Kf2 Kf6 35. Bxh6 g5 36. h4 gxh4 37. Kf3 Kf5 38. Bd2 Rg8 39. Be1 Rg4 40. Re2
Rf4# 0-1

[Event "European Online CC GpF"]
[Site "Tornelo INT"]
[Date "2021.03.28"]
[Round "9.1"]
[Board "2"]
[White "Prieur, Eetu"]
[Black "Can, Isik"]
[Result "1-0"]
[BlackTitle "IM"]
[WhiteElo "2172"]
[BlackElo "2380"]
[WhiteTeam "Aatos Chess Club"]
[BlackTeam "Anatolia Red"]
[WhiteFideId "502928"]
[BlackFideId "6383742"]
[EventDate "2021.03.27"]
[EventType "team"]

1. e4 c6 2. d4 d5 3. e5 Bf5 4. Nc3 e6 5. g4 Bg6 6. Nge2 c5 7. h4 h5 8. Nf4 Bh7
9. Nxh5 Nc6 10. Bb5 cxd4 11. Qxd4 Ne7 12. Bh6 a6 13. Bxc6+ Nxc6 14. Qf4 gxh6 15.
Nf6+ Ke7 16. Nfxd5+ exd5 17. O-O-O d4 18. Qf6+ Ke8 19. Qxh8 Bg6 20. e6 fxe6 21.
Rhe1 Bf7 22. Ne4 Qxh4 23. Nd6+ Ke7 24. Nf5+ 1-0

[Event "European Online CC GpF"]
[Site "Tornelo INT"]
[Date "2021.03.28"]
[Round "9.3"]
[Board "2"]
[White "Azarov, Sergei"]
[Black "Maatoug, Redwan"]
[Result "0-1"]
[WhiteTitle "GM"]
[WhiteElo "2604"]
[BlackElo "2202"]
[WhiteTeam "Svetlana"]
[BlackTeam "US Villejuif Echecs"]
[WhiteFideId "13501470"]
[BlackFideId "629162"]
[EventDate "2021.03.27"]
[EventType "team"]

1. e4 c5 2. Nf3 Nc6 3. d4 cxd4 4. Nxd4 Nf6 5. Nc3 d6 6. Bg5 e6 7. Qd2 a6 8.
O-O-O Bd7 9. f4 h6 10. Bxf6 Qxf6 11. Nf3 Rd8 12. h4 h5 13. g3 g6 14. Ng5 Be7 15.
Kb1 b5 16. Be2 Qg7 17. Bf3 Na5 18. Nxb5 Bxb5 19. Qxa5 O-O 20. a4 Bc4 21. e5 dxe5
22. fxe5 Rb8 23. Qc7 Ba3 24. Qxc4 Rxb2+ 25. Ka1 Qxe5 26. c3 Rc2 27. Ne4 Qb8 28.
Rb1 Bb2+ 29. Ka2 Bxc3+ 30. Ka3 Bb2+ 31. Ka2 Rxc4 32. Rxb2 Rxa4+ 33. Kb1 Rb4 34.
Rh2 a5 0-1